| 000 | 02080nam a22001937a 4500 | ||
|---|---|---|---|
| 003 | GR-AtMCL | ||
| 005 | 20251223121917.0 | ||
| 006 | a|||||r||||||||||| | ||
| 008 | s2022||||gr a||||||||||||||||gre| | ||
| 020 | _a9789605110635 | ||
| 040 |
_aGR-AtMCL _bgre _dGR-AtMCL |
||
| 245 | 1 | 0 |
_aΠαίζω με τον Φρίξο στο σπίτι : _bμαθαίνω για το σώμα μου και τις διαπροσωπικές σχέσεις / _cΜαργαρίτα Γερούκη, Έλενα Βιταλάκη, Αθηνά Τριαματάκη, Δέσποινα Μαυράκη |
| 264 | 1 |
_aΑθήνα : _bΕκδόσεις Μαραθιά, _c[2022] |
|
| 300 |
_a75 σελ. ; _c28 εκ. |
||
| 520 | _aΤο ΠΑΙΖΩ ME TON ΦΡΙΞΟ ΣΤΟ ΣΠΙΤΙ είναι ένα τετράδιο δραστηριοτήτων για παιδιά ηλικίας 5-8 ετών. Δημιουργήθηκε με στόχο να δώσουμε επιπλέον εργαλεία στους γονείς, που θέλουν με δημιουργικό τρόπο να υποστηρίξουν τα παιδιά τους στο ταξίδι της γνώσης για το σώμα και τις διαπροσωπικές σχέσεις, της κατανόησης των θεμάτων σεξουαλικής εκπαίδευσης και την απαρχή για την προστασία από τη σεξουαλική κακοποίηση. Οι δραστηριότητες ακολουθούν τη δομή του βραβευμένου, εκπαιδευτικού προγράμματος "Παίζω με τον Φρίξο". Στις οδηγίες για τους γονείς θα βρείτε τεκμηριωμένη τη στοχοθεσία της κάθε ενότητας, μια σύντομη περιγραφή των δραστηριοτήτων, καθώς και οδηγίες για να βοηθήσετε τα παιδιά σας να τις υλοποιήσουν. | ||
| 650 | 0 |
_aΕκπαίδευση, Προσχολική _99952 |
|
| 942 | _cBK | ||
| 999 |
_c10002 _d10002 |
||